01191nam a2200313 a 4500001001200000003000800012006001900020007001500039008004100054010001700095020002800112040002100140035002100161050002700182082002100209100003000230245006500260260005900325300001700384504006000401533015200461650002000613650002800633650002700661655002900688710001700717856012600734999001700860ebr10035794CaPaEBRm u cr cn|||||||||900613s1991 nju sb 001 0ceng  z 90040843  z0691087253 (alk. paper) aCaPaEBRcCaPaEBR a(OCoLC)22804305214aQC174.12b.B464 1991eb04a530.1/2/09222201 aBernstein, Jeremy,d1929-10aQuantum profilesh[electronic resource] /cJeremy Bernstein. aPrinceton, N.J. :bPrinceton University Press,cc1991. aviii, 178 p. aIncludes bibliographical references (p. 167) and index. aElectronic reproduction.bPalo Alto, Calif. :cebrary,d2013.nAvailable via World Wide Web.nAccess may be limited to ebrary affiliated libraries. 0aQuantum theory. 0aPhysicistsvInterviews. 0aPhysicistsvBiography. 7aElectronic books.2local2 aebrary, Inc.40uhttp://site.ebrary.com/lib/rucke/Doc?id=10035794zAn electronic book accessible through the World Wide Web; click to view c58498d58498